Vista normal
Vista MARC
Entrada Materia (personas)
Número de registros utilizados en: 1
001 - CONTROL NUMBER
- control field: 66215
003 - CONTROL NUMBER IDENTIFIER
- control field: Co-BoUCM
005 - DATE AND TIME OF LATEST TRANSACTION
- control field: 20141203181154.0
008 - FIXED-LENGTH DATA ELEMENTS
- fixed length control field: 141203|| aca||aabn | a|a d
040 ## - CATALOGING SOURCE
- Original cataloging agency: Co-BoUCM
- Transcribing agency: Co-BoUCM
100 ## - HEADING--PERSONAL NAME
- Personal name: Cameron, James
- Relator term: director
670 ## - SOURCE DATA FOUND
- Source citation: Work cat.: (Co-BoUCM)64857: The Terminator, [fecha desconocida]